Normal view
MARC view
- الإدارة المحلية -- مؤتمرات
Entry Topical Term
001 - CONTROL NUMBER
- control field: 34442
003 - CONTROL NUMBER IDENTIFIER
- control field: JO-AjAnu
005 - DATE AND TIME OF LATEST TRANSACTION
- control field: 20230606075753.0
008 - FIXED-LENGTH DATA ELEMENTS
- fixed length control field: 230606|| aca||aabn | a|a d
040 ## - CATALOGING SOURCE
- Original cataloging agency: JO-AjAnu
- Transcribing agency: JO-AjAnu
150 ## - HEADING--TOPICAL TERM
- Topical term or geographic name entry element: الإدارة المحلية -- مؤتمرات
670 ## - SOURCE DATA FOUND
- Source citation: Work cat.: (JO-AjAnu)17691: ملتقى التكامل بين الأجهزة الحكومية والإدارات المحلية والبلديات, author 34441, إدارة التغيير في الإدارات المحلية والبلديات : بحوث وأوراق عمل ملتقى التكامل بين الأجهزة الحكومية والإدارات المحلية والبلديات : خيارات وتوجيهات